000 00287nam a2200109Ia 4500
008 190216s9999||||xx |||||||||||||| ||und||
100 _aClifird T Morgan&Amp;Richard A King
245 0 _aManashashthrathine Oru Mughavura
260 _bBhasha Institute
650 _aMalayalam
942 _cBK
999 _c39505
_d39505